000 00416nam a2200181Ia 4500
001 1264
005 20260306140619.0
008 260306t1976||||xx |||||||||||||| ||spa||
041 _aESP
082 _a190
_bF41
100 _aFernández, Clemente
_eAUT
245 0 _aLos filósofos modernos
260 _c1976
300 _a668 páginas :
_c20 cm.
650 _aGEN
654 _aCHU
942 _cLIB
_dJUS
_fJUS
_2ddc
_n
999 _c1264
_d1264